El pensamiento vivo de Erich Fromm

Gorde:
Xehetasun bibliografikoak
Egile nagusia: Fuente, Ramón de la (Egilea)
Formatua: Liburua
Hizkuntza:gaztelania
Argitaratua: Ciudad de México Fondo de Cultura Económica 1989
Saila:Cuadernos de la Gaceta, 61
Gaiak:
Etiketak: Etiketa erantsi
Etiketarik gabe, Izan zaitez lehena erregistro honi etiketa jartzen!

MARC

LEADER 00000nam a2200000 a 4500
001 UCY0474
003 CL-VaPUC
008 940802e19890000MX |||||||||||||||||spa|d
082 0 4 |a 150.1957  |b FUE  |2 21 
100 0 |a Fuente, Ramón de la  |e author  |9 328203 
245 1 3 |a El pensamiento vivo de Erich Fromm 
300 |a 101 p 
942 |c BK 
945 |d 19940802 00:00:00  |a rbrito 
260 |a Ciudad de México  |b Fondo de Cultura Económica  |c 1989 
600 0 7 |a FROMM, ERICH  |2 CL-VaPUC  |9 315922 
650 0 |a Psicoanálisis   |9 265702 
583 |a last modification  |c 19940802 00:00:00  |k Rodrigo Vera 
490 0 |a Cuadernos de la Gaceta, 61 
999 |c 229467  |d 229465 
952 |0 0  |1 0  |4 0  |6 150_195700000000000_FUE_1989  |7 0  |8 A  |9 230652  |a BIBEDU  |b BIBEDU  |d 2019-11-15  |i 2997762  |o 150.1957 FUE 1989  |p 2997762  |r 2019-11-15  |w 2019-11-15  |y BK  |k EDU